Dr. S. R. Lasker Library Online Catalogue

Home      Library Home      Institutional Repository      E-Resources      MyAthens      EWU Home

Foreign trade statistics of Bangladesh 2006-2007 / (Record no. 7981)

MARC details
000 -LEADER
fixed length control field 00766nam a22002537a 4500
001 - CONTROL NUMBER
control field 7981
003 - CONTROL NUMBER IDENTIFIER
control field BD-DhEWU
005 - DATE AND TIME OF LATEST TRANSACTION
control field 20160725153537.0
008 - FIXED-LENGTH DATA ELEMENTS--GENERAL INFORMATION
fixed length control field 160724s2008 bg a|||g |||| 00| 0 eng d
020 ## - INTERNATIONAL STANDARD BOOK NUMBER
International Standard Book Number 9845088570
040 ## - CATALOGING SOURCE
Original cataloging agency BD-DhEWU
Language of cataloging eng
Transcribing agency BD-DhEWU
041 ## - LANGUAGE CODE
Language code of text/sound track or separate title eng
082 04 - DEWEY DECIMAL CLASSIFICATION NUMBER
Classification number 382.5492
Item number FOR 2008
110 ## - MAIN ENTRY--CORPORATE NAME
Corporate name or jurisdiction name as entry element Bangladesh Bureau of Statistics.
9 (RLIN) 20376
245 00 - TITLE STATEMENT
Title Foreign trade statistics of Bangladesh 2006-2007 /
260 ## - PUBLICATION, DISTRIBUTION, ETC. (IMPRINT)
Place of publication, distribution, etc Dhaka :
Name of publisher, distributor, etc Bangladesh Bureau of Statistics,Planning Division,Ministry of planning,
Date of publication, distribution, etc 2008.
300 ## - PHYSICAL DESCRIPTION
Extent Vol. 1 & 2 :
Other physical details ill. ;
Dimensions 28 cm.
526 ## - STUDY PROGRAM INFORMATION NOTE
Program name Economics
590 ## - LOCAL NOTE (RLIN)
Local note Saifun Momota
651 ## - SUBJECT ADDED ENTRY--GEOGRAPHIC NAME
Geographic name Bangladesh
9 (RLIN) 20382
653 ## - INDEX TERM--UNCONTROLLED
Uncontrolled term International commerce (Foreign trade)
Uncontrolled term Economics
942 ## - ADDED ENTRY ELEMENTS (KOHA)
Source of classification or shelving scheme Dewey Decimal Classification
Koha item type Ref.
Holdings
Withdrawn status Lost status Source of classification or shelving scheme Materials specified (bound volume or other part) Damaged status Not for loan Collection code Home library Current library Shelving location Date acquired Source of acquisition Cost, normal purchase price Total Checkouts Full call number Barcode Date last seen Copy number Price effective from Koha item type
    Dewey Decimal Classification VOL-I (Exports)   Not For Loan Reference Dr. S. R. Lasker Library, EWU Dr. S. R. Lasker Library, EWU Reference Section 12/06/2016 New Age International 650.00   382.5492 FOR 2008 27457 24/07/2016 C-1 24/07/2016 Ref.
    Dewey Decimal Classification VOL-II (Imports)   Not For Loan Reference Dr. S. R. Lasker Library, EWU Dr. S. R. Lasker Library, EWU Reference Section 12/06/2016 New Age International 650.00   382.5492 FOR 2008 27458 24/07/2016 C-1 24/07/2016 Ref.